IUI 2010, Proceedings of the 14th ACM International Conference on Intelligent User Interfaces, February 7-10, 2010, Hong Kong, China

Salvato in:
Dettagli Bibliografici
Natura: Libro
Lingua:inglese
Pubblicazione: New York : ACM Press, 2010
Tags: Aggiungi Tag
Nessun Tag, puoi essere il primo ad aggiungerne!!

MARC

LEADER 00000nam a22000003a 4500
001 stu200530
005 20190206121450.7
008 100308s2010----xxu-----------------eng-d
020 |a 978-1-60558-515-4 
040 |a STU  |b slo 
041 0 |a eng 
044 |a xxu 
245 |a IUI 2010, Proceedings of the 14th ACM International Conference on Intelligent User Interfaces, February 7-10, 2010, Hong Kong, China 
260 |a New York :  |b ACM Press,  |c 2010 
300 |a 444 s 
996 |b 284EO00223  |c E*O-223  |l EE0102  |s P  |a 0  |w stu200530_0001